|
|
|
|
| LEADER |
00794nam a2200217 a 4500 |
| 001 |
c000002451 |
| 003 |
CARM |
| 005 |
00000000000000.0 |
| 008 |
830609s1941 enk 00011 eng d |
| 019 |
1 |
|
|a 2717993
|5 LACONCORD2021
|
| 035 |
|
|
|a (OCoLC)220370123
|5 LACONCORD2021
|
| 040 |
|
|
|d ANL
|
| 100 |
1 |
|
|a Lehmann, Rosamond,
|d 1901-
|
| 245 |
1 |
0 |
|a Invitation to the waltz /
|c by Rosamond Lehmann.
|
| 260 |
|
|
|a Harmondsworth, Middlesex, England :
|b Penguin, Allen Lane,
|c 1941.
|
| 300 |
|
|
|a 153 p. ;
|c 18 cm.
|
| 440 |
|
0 |
|a Penguin books ;
|v 328
|
| 852 |
8 |
|
|b CARM
|h A2:AJ16G0
|i A02368
|p 0139693
|f BK
|
| 082 |
0 |
4 |
|a 823/.912
|
| 999 |
f |
f |
|i 819f6dbf-0de0-5b26-b424-2be2f2355c93
|s 0d98a0d9-209b-51bf-9c4e-dbc404da70c5
|
| 952 |
f |
f |
|p Can circulate
|a CAVAL
|b CAVAL
|c CAVAL
|d CARM 1 Store
|e A02368
|f A2:AJ16G0
|h Other scheme
|i book
|m 0139693
|